000 00500nam a2200181Ia 4500
005 20250326142115.0
008 250326s9999 xx 000 0 und d
037 _aTextbook
040 _aFMSL
_beng
_cFMSL
041 _aeng
_2eng
084 _aX9W M0
_qFMSL
100 _aBasu P K
_9559255
245 0 _aPublic sector achievements
_cBasu P K
260 _aNew Delhi
_bNew Delhi, Kavier Institute of Bombay
_c1980
300 _a15p
942 _cTB
_hX9W M0
999 _c1293468
_d1293468